| 000 | 00775nam a2200169Ia 4500 | ||
|---|---|---|---|
| 001 | IA_4559,18/08/2011,18/08/2011,0000001962 mx n 0000000000spa00," | ||
| 008 | 220117s xx 000 0 und d | ||
| 010 | _a183981 | ||
| 082 | _a338.1 I54 1962 | ||
| 110 |
_aInstituto Latinoamericano de Planificación Económica y Social _959245 |
||
| 245 |
_aInforme del grupo de expertos FAO : cealo sobre algunos aspectos de la planificación agrícola en el Asia y Lejano Oriente / _c Instituto Latinoamericano de Planificación Económica y Social |
||
| 260 |
_aMéxico : _bENA, |
||
| 300 | _a93 p. | ||
| 440 |
_aApuntes _96382 |
||
| 650 |
_aEconomía Agrícola _9147023 |
||
| 710 |
_aInstituto Latinoamericano de Planificación Económica y Social _959245 |
||
| 999 |
_c183981 _d183981 |
||